| 000 | 00496nam a2200157Ia 4500 | ||
|---|---|---|---|
| 999 |
_c23388 _d23388 |
||
| 003 | OSt | ||
| 005 | 20200520123939.0 | ||
| 008 | 190216s9999||||xx |||||||||||||| ||und|| | ||
| 040 | _coclc | ||
| 082 |
_a297.1241 _bASA/H |
||
| 100 |
_aAsabeethi, Shihabuddin Ahmad _92461 |
||
| 245 | 0 |
_aHadees Swaheehul Bukari / _c Shihabuddin Ahmad Asabeethi |
|
| 260 |
_bIslamic Publishing House, _c2014. _aKozhikode: |
||
| 300 | _a816p | ||
| 942 |
_cBK _2ddc _h297.1241 _iASA/H _k297.1241 _mASA/H |
||